| 000 | 00490nam a22001457a 4500 | ||
|---|---|---|---|
| 008 | 220223b |||||||| |||| 00| 0 eng d | ||
| 020 | _a1570623503 | ||
| 050 | _aBL 627 .R67 1998 | ||
| 100 | _aRosenberg, Larry | ||
| 245 |
_aBreath by breath: _bthe liberating practice of insight meditation/ _cLarry Resoberg; with David Guy |
||
| 260 |
_aCanada: _bShambhala Publications, _c1998. |
||
| 300 |
_axvii,215p.: _bill.; _c22cm. |
||
| 504 | _aIncludes index. | ||
| 942 |
_2lcc _mBL 627 .R67 1998 _cBOOKS |
||
| 999 |
_c31120 _d31120 |
||